|
|
|
|
| LEADER |
01129nam a22002532a 4500 |
| 001 |
000058747 |
| 003 |
CZ BrMZK |
| 005 |
20141027142845.0 |
| 007 |
ta |
| 008 |
010907s1958 xr f 000 0 cze d |
| 015 |
|
|
|a cnb000437354
|
| 040 |
|
|
|a BOA001
|b cze
|c BOA002
|
| 100 |
1 |
|
|a Chlup, Otokar,
|d 1875-1965
|7 jk01050214
|4 aut
|
| 245 |
1 |
0 |
|a Několik statí k základnímu učivu :
|b non multa, sed multum, aneb, méně je více /
|c Otokar Chlup
|
| 250 |
|
|
|a Vyd. 1.
|
| 260 |
|
|
|a Praha :
|b Státní pedagogické nakladatelství,
|c 1958
|
| 300 |
|
|
|a 135 s.
|
| 856 |
4 |
1 |
|u http://www.digitalniknihovna.cz/mzk/uuid/uuid:54c5e650-38d6-11e4-8f64-005056827e52
|y Digitalizovaný dokument
|x NDK
|
| 910 |
|
|
|a BOA001
|b 2-0397.056
|b PK-0019.546
|
| 964 |
|
|
|a Učivo základní - rozbory - školy všeobecně vzdělávací
|
| 990 |
|
|
|a BK
|
| 996 |
6 |
|
|b 2619999563
|c 2-0397.056
|l MZK
|r Sklad / do 24 hodin
|n 10
|w 000058747
|u 000030
|a 1
|e BOA001
|j MZK50
|s P
|
| 996 |
7 |
|
|b 3119825054
|c PK-0019.546
|l MZK
|r Sklad / do 1 hodiny
|n 3
|w 000058747
|u 000020
|a 1
|e BOA001
|j MZK50
|s A
|
| 996 |
7 |
|
|b 3119974420
|c PK-0019.546
|l MZK
|r Sklad / do 1 hodiny
|n 10
|w 000058747
|u 000010
|a 1
|e BOA001
|j MZK50
|s A
|